000 01516nam a22003497a 4500
999 _c23474
_d23474
003 AR-CdUCM
008 260121b2024 pe ||||| |||| 00| 0 spa d
020 _a978-612-49796-0-6
040 _aMUNICIPALIDAD PROVINCIAL DEL CUSCO
_cBIBLIOTECA MUNICIPAL DEL CUSCO
041 _hspa
082 _a001.42 /
_bF36
100 _aQuillama de Castañeda, Rudy Edith Felix.
_952082
245 _aAcercamiento Epistémico a la teoría Fundamentada /
260 _aCusco :
_bEstefany Lorena Vera Muñoz
_c2024.
300 _a103 páginas. :
_c17 x 24 cm.
505 _aContenido: Primer capítulo: Introducción a la teoría fundamentada -- Segundo capítulo: Fundamentos epistemológicos -- Tercer capítulo: Metodología -- Cuarto capítulo: Análisis de datos -- Quinto capítulo: Praxis -- Sexto capítulo: Retos y críticas -- Séptimo capítulo: Contexto latinoamericano -- Octavo capítulo: Futuro -- Referencias.
650 _aDefinición
_941732
650 _aTeoría fundamentada
_952083
650 _aOrígenes y evolución
_952084
650 _aExpansión y debate
_952085
650 _aDiversificación
_952086
650 _aConsolidación
_94030
650 _aEnfoques
_952087
650 _aFundamentos filosóficos
_952088
650 _aLa epistemología
_952089
650 _aAspectos metodológicos
_952090
650 _aProceso de codificacíón
_952091
650 _aImpacto de la praxis
_952092
650 _aPrincipales críticas
_952093
942 _2ddc
_cLIBROS
945 _ajmcs
_d21/01/2026